Sobre la violencia / (Record no. 148312)

MARC details
000 -LEADER
campo de control de longitud fija 00527nam a2200181 4500
001 - NÚMERO DE CONTROL
campo de control 148312
003 - IDENTIFICADOR DE NÚMERO DE CONTROL
campo de control ES-MaACL
005 - FECHA Y HORA DE LA ÚLTIMA TRANSACCIÓN
campo de control 20230906202540.0
007 - CAMPO FIJO DE DESCRIPCIÓN FÍSICA--INFORMACIÓN GENERAL
campo de control de longitud fija t|
008 - DATOS DE LONGITUD FIJA--INFORMACIÓN GENERAL
campo de control de longitud fija 070214s1973 sp r ||||1| spa d
100 1# - ENTRADA PRINCIPAL--NOMBRE DE PERSONA
Nombre de persona Storr, Anthony.
9 (RLIN) 108336
245 10 - MENCIÓN DEL TÍTULO
Título Sobre la violencia /
Mención de responsabilidad, etc. Anthony Storr ; [traducción: Rolando Hanglin].
250 ## - MENCION DE EDICION
Mención de edición [1ª ed.].
260 ## - PUBLICACIÓN, DISTRIBUCIÓN, ETC.
Lugar de publicación, distribución, etc. Barcelona :
Nombre del editor, distribuidor, etc. Kairós,
Fecha de publicación, distribución, etc. [1973] (
Fabricante Víctor)
300 ## - DESCRIPCIÓN FÍSICA
Extensión 126 p. ;
Dimensiones 20 cm.
700 1# - ENTRADA AGREGADA--NOMBRE PERSONAL
Nombre de persona Hanglin, Rolando.
9 (RLIN) 61726
852 ## - LOCALIZACIÓN
Ubicación ES-MaACL
Número de control de estantería C-56150
Sublocalización o colección R.88794
Holdings
Estatus retirado Estado de pérdida Estado de daño No para préstamo Biblioteca de origen Biblioteca actual Ubicación en estantería Fecha de adquisición Fuente de adquisición Total de préstamos Signatura topográfica completa Código de barras Visto por última vez Precio de reemplazo Tipo de ítem Koha
        Biblioteca del Ateneo de Madrid Biblioteca del Ateneo de Madrid Depósito 2 17/01/2008     C-56150 1154780 23/02/2023 23/02/2023 Libro impreso